Polices post-communistes: [une transformation inachevée?]

Guardado en:  
Detalles Bibliográficos
Autor Corporativo: Institut des Hautes Études de la Sécurité Intérieure (Otro)
Tipo de documento: Print Libro
Lenguaje:Francés
Publicado: Paris IHESI 2000
En: Les cahiers de la sécurité intérieure (41)
Año: 2000
Disponibilidad en Tübingen:Disponible en Tübingen.
UB: ZA 8226-41/42
Verificar disponibilidad: HBZ Gateway
Servicio de pedido Subito: Pedir ahora.

MARC

LEADER 00000cam a2200000 c 4500
001 1158152280
003 DE-627
005 20260206201720.0
007 tu
008 001115s2000 xx ||||| 00| ||fre c
035 |a (DE-627)1158152280 
035 |a (DE-603)183056361 
035 |a (DE-576)088152286 
035 |a (DE-599)BSZ088152286 
035 |a (OCoLC)48827183 
035 |a (OCoLC)180149229 
040 |a DE-627  |b ger  |c DE-627  |e rakwb 
041 |a fre 
245 0 0 |a Polices post-communistes  |b [une transformation inachevée?]  |c [Institut des Hautes Études de la Sécurité Intérieure] 
264 1 |a Paris  |b IHESI  |c 2000 
300 |a 299 S. 
336 |a Text  |b txt  |2 rdacontent 
337 |a ohne Hilfsmittel zu benutzen  |b n  |2 rdamedia 
338 |a Band  |b nc  |2 rdacarrier 
490 1 |a Les cahiers de la sécurité intérieure  |v 41 
505 8 |a Literaturangaben 
583 1 |a Archivierung prüfen  |c 20200919  |f DE-640  |z 2  |2 pdager 
583 1 |a Archivierung/Langzeitarchivierung gewährleistet  |f SLG  |z Frankreichforschung  |2 pdager  |5 DE-77 
710 2 |a Institut des Hautes Études de la Sécurité Intérieure  |0 (DE-588)5050393-5  |0 (DE-627)104023538  |0 (DE-576)193728400  |4 oth 
830 4 |a Les cahiers de la sécurité intérieure  |v 41  |9 41  |w (DE-627)170505073  |w (DE-576)023894598  |w (DE-600)1067465-2  |x 1150-1634  |7 am 
935 |a MZFRA 
935 |h HEB  |i 0501 
935 |h HEB  |i 0503 
951 |a BO 
ELC |b 1 
LOK |0 000 xxxxxcx a22 zn 4500 
LOK |0 001 2386672743 
LOK |0 003 DE-627 
LOK |0 004 1158152280 
LOK |0 005 20020809000000 
LOK |0 008 010405||||||||||||||||ger||||||| 
LOK |0 040   |a DE-21  |c DE-627  |d DE-21 
LOK |0 852   |a DE-21 
LOK |0 852 1  |c ZA 8226-41/42  |9 00 
LOK |0 935   |a krim 
LOK |0 936ln  |a k4.5.1.1 
LOK |0 939   |a 05-04-01  |b l01 
ORI |a SA-MARC-krimdoka001.raw 
SIG |a UB: ZA 8226-41/42